[Event "Regionalliga SO 1617 (Women)"]
[Site "Germany"]
[Date "2017.03.26"]
[Round "5.2"]
[White "Brand, Kathrin"]
[Black "Sandner, Heike"]
[Result "1/2-1/2"]
[WhiteElo "1896"]
[BlackElo "1718"]
[PlyCount "49"]
[EventDate "2016.10.23"]
[EventType "team-tourn"]
[EventRounds "5"]
[EventCountry "GER"]
[SourceTitle "EXT 2018"]
[Source "ChessBase"]
[SourceDate "2017.10.13"]
[SourceVersion "1"]
[SourceVersionDate "2017.10.13"]
[SourceQuality "1"]
[WhiteTeam "Chemnitz Aufbau (W)"]
[BlackTeam "Rodewisch (W) II"]
[WhiteTeamCountry "GER"]
[BlackTeamCountry "GER"]

1. b3 e5 2. Bb2 d6 3. e3 Nf6 4. c4 Bf5 5. Nf3 Nc6 6. d3 Be7 7. Be2 0-0 8. 0-0 h6 9. Nc3 Re8 10. a3 Nd7 11. b4 Bf6 12. Nd5 Ne7 13. e4 Bg6 14. Ne3 c6 15. Qb3 Qb6 16. a4 a5 17. b5 Nc5 18. Qd1 Red8 19. Rb1 Qc7 20. Ba3 Ne6 21. Qb3 Nf4 22. Rfe1 Rd7 23. g3 Ne6 24. bxc6 bxc6 25. Qb6 1/2-1/2

[Event "BL 1213 (Women)"]
[Site "Germany"]
[Date "2013.03.09"]
[Round "10.6"]
[White "Sandner, Heike"]
[Black "Buechle, Regina"]
[Result "1/2-1/2"]
[WhiteElo "1986"]
[BlackElo "1977"]
[PlyCount "35"]
[EventDate "2012.10.06"]
[EventType "team-tourn"]
[EventRounds "11"]
[EventCountry "GER"]
[SourceTitle "EXT 2014"]
[Source "ChessBase"]
[SourceDate "2013.11.20"]
[SourceVersion "1"]
[SourceVersionDate "2013.11.20"]
[SourceQuality "1"]
[WhiteTeam "Rodewisch (W)"]
[BlackTeam "Wattenscheid (W)"]
[WhiteTeamCountry "GER"]
[BlackTeamCountry "GER"]

1. e4 c5 2. Nf3 d6 3. d4 cxd4 4. Nxd4 Nf6 5. Nc3 e6 6. Be2 Be7 7. Be3 Nc6 8. 0-0 0-0 9. Kh1 a6 10. f4 Nxd4 11. Bxd4 b5 12. a3 Bb7 13. Bd3 g6 14. Qf3 d5 15. e5 Nd7 16. Qg3 Nc5 17. Be2 Kh8 18. Qe3 1/2-1/2

[Event "BL 0910 (Women)"]
[Site "Germany"]
[Date "2010.03.14"]
[Round "9.6"]
[White "Sandner, Heike"]
[Black "Braje, Monika"]
[Result "1-0"]
[WhiteElo "2043"]
[BlackElo "1600"]
[PlyCount "113"]
[EventDate "2009.11.07"]
[EventType "team-tourn"]
[EventRounds "11"]
[EventCountry "GER"]
[SourceTitle "CBM 133 Extra"]
[Source "ChessBase"]
[SourceDate "2010.01.05"]
[SourceVersion "1"]
[SourceVersionDate "2010.01.05"]
[SourceQuality "1"]
[WhiteTeam "Rodewisch (W)"]
[BlackTeam "Lehrte (W)"]
[WhiteTeamCountry "GER"]
[BlackTeamCountry "GER"]

1. e4 d5 2. exd5 Nf6 3. d4 Nxd5 4. Nf3 Bg4 5. Be2 g6 6. a3 Bf5 7. 0-0 Bg7 8. c3 0-0 9. Bc4 Nc6 10. Nbd2 a6 11. Re1 h6 12. Nf1 Be6 13. Bd3 Bd7 14. Ng3 e6 15. Bd2 Kh7 16. h4 f5 17. Qc2 Qf6 18. Re2 Rae8 19. Rae1 Nd8 20. Ne5 Bc8 21. c4 Ne7 22. Nf3 b6 23. Bc3 Qf7 24. Ne5 Bxe5 25. dxe5 Bb7 26. Rd2 Rg8 27. Red1 Kh8 28. Be2 Nec6 29. b4 Nb8 30. a4 Qe7 31. Rd4 Ndc6 32. R4d3 Qxh4 33. Bf3 Qxc4 34. Qd2 Qh4 35. b5 axb5 36. axb5 Nd8 37. Rd4 Qg5 38. Qe2 Kh7 39. Rc4 Rg7 40. Rdd4 Qe7 41. Bd2 g5 42. Nh5 Reg8 43. Nf6+ Kh8 44. Nxg8 Kxg8 45. Bb4 Bxf3 46. Qxf3 Qe8 47. Qa8 Rd7 48. Rxd7 Qxd7 49. Rc1 Qc8 50. Qa7 c5 51. bxc6 Nbxc6 52. Qxb6 Qa8 53. Rd1 Qa4 54. Rxd8+ Nxd8 55. Qxd8+ Kf7 56. Qf6+ Kg8 57. Qxe6+ 1-0

[Event "BL 0910 (Women)"]
[Site "Germany"]
[Date "2010.03.13"]
[Round "8.6"]
[White "Schmidt, Jade"]
[Black "Sandner, Heike"]
[Result "1-0"]
[WhiteElo "2003"]
[BlackElo "2043"]
[PlyCount "101"]
[EventDate "2009.11.07"]
[EventType "team-tourn"]
[EventRounds "11"]
[EventCountry "GER"]
[SourceTitle "CBM 133 Extra"]
[Source "ChessBase"]
[SourceDate "2010.01.05"]
[SourceVersion "1"]
[SourceVersionDate "2010.01.05"]
[SourceQuality "1"]
[WhiteTeam "Hamburger SK (W)"]
[BlackTeam "Rodewisch (W)"]
[WhiteTeamCountry "GER"]
[BlackTeamCountry "GER"]

1. d4 Nf6 2. c4 g6 3. Nc3 Bg7 4. e4 d6 5. f3 0-0 6. Bg5 c6 7. Qd2 e5 8. d5 c5 9. Nge2 Na6 10. Nc1 Bd7 11. Be2 Qc8 12. Nb5 Ne8 13. Be7 f5 14. Bxf8 Kxf8 15. 0-0 Kg8 16. Bd3 f4 17. a3 Bf8 18. b4 Qd8 19. Nb3 Qb6 20. bxc5 Nxc5 21. Nxc5 Bxb5 22. cxb5 dxc5 23. Bc4 Nd6 24. Qd3 Kg7 25. Qc3 Kf6 26. a4 Rc8 27. g3 Bh6 28. Kg2 Qc7 29. a5 Qd7 30. Rfb1 g5 31. b6 Nxc4 32. Qxc4 a6 33. Rd1 Qd6 34. Ra2 Bf8 35. Rh1 Kg6 36. h4 Be7 37. gxf4 gxf4 38. h5+ Kf7 39. Kf1 Rg8 40. Rg2 Rxg2 41. Kxg2 h6 42. Kf2 Bg5 43. Rc1 Be7 44. Qf1 Qf6 45. Qh3 Qh4+ 46. Qxh4 Bxh4+ 47. Ke2 Be7 48. Kd3 Ke8 49. Kc4 Kd7 50. Rg1 Bg5 51. Rxg5 1-0

[Event "BL 0809 (Women)"]
[Site "Germany"]
[Date "2009.03.07"]
[Round "8.5"]
[White "Schulze, Dorothee"]
[Black "Sandner, Heike"]
[Result "1-0"]
[WhiteElo "1990"]
[BlackElo "1760"]
[PlyCount "55"]
[EventDate "2008.11.08"]
[EventType "team-tourn"]
[EventRounds "11"]
[EventCountry "GER"]
[SourceTitle "EXT 2010"]
[Source "ChessBase"]
[SourceDate "2010.11.25"]
[SourceVersion "1"]
[SourceVersionDate "2010.11.25"]
[SourceQuality "1"]
[WhiteTeam "Lehrte (W)"]
[BlackTeam "Rodewisch (W)"]
[WhiteTeamCountry "GER"]
[BlackTeamCountry "GER"]

1. e4 e5 2. Nf3 Nc6 3. Bb5 a6 4. Ba4 Nf6 5. 0-0 b5 6. Bb3 Be7 7. Qe2 0-0 8. c3 d6 9. Rd1 Bg4 10. h3 Bh5 11. d3 Nb8 12. Nbd2 Nbd7 13. Nf1 Nc5 14. Bc2 Re8 15. Ng3 Bg6 16. Nh4 Nfd7 17. Nxg6 fxg6 18. d4 Nb7 19. Bb3+ Kh8 20. Bd5 Qc8 21. Qg4 Rb8 22. Be6 Rd8 23. dxe5 Nbc5 24. exd6 Bxd6 25. Bxd7 Nxd7 26. Bf4 Nf6 27. Qxc8 Rbxc8 28. e5 1-0

[Event "BL 0708 (Women)"]
[Site "Germany"]
[Date "2007.11.11"]
[Round "2.6"]
[White "Sandner, Heike"]
[Black "Tammert, Iamze"]
[Result "1-0"]
[WhiteElo "1711"]
[BlackElo "2258"]
[PlyCount "49"]
[EventDate "2007.11.10"]
[EventType "team-tourn"]
[EventRounds "11"]
[EventCountry "GER"]
[SourceTitle "EXT 2009"]
[Source "ChessBase"]
[SourceDate "2008.11.26"]
[SourceVersion "1"]
[SourceVersionDate "2008.11.26"]
[SourceQuality "1"]
[WhiteTeam "Rodewisch (W)"]
[BlackTeam "Baden-Baden (W)"]
[WhiteTeamCountry "GER"]
[BlackTeamCountry "GER"]

1. e4 g6 2. d4 Bg7 3. Nf3 c6 4. Be2 d6 5. 0-0 Nf6 6. Nc3 0-0 7. Be3 b5 8. a3 a6 9. Qd2 Re8 10. Rad1 Nbd7 11. Bh6 Bh8 12. Ng5 Nf8 13. Qf4 Ne6 14. Qh4 Nxg5 15. Bxg5 Qb6 16. Kh1 c5 17. e5 cxd4 18. exf6 dxc3 19. fxe7 cxb2 20. Bf3 Ra7 21. Be3 Qc7 22. Bxa7 Bf5 23. Bd4 Qc4 24. Bd5 Qxc2 25. Bxh8 1-0

[Event "GER-chT2 (Women) 0405"]
[Site "Germany"]
[Date "2004.12.05"]
[Round "4"]
[White "Dirmeier, Carolin"]
[Black "Sandner, Heike"]
[Result "1-0"]
[WhiteElo "1944"]
[BlackElo "1704"]
[PlyCount "127"]
[EventDate "2004.11.06"]
[EventType "team-tourn"]
[EventRounds "9"]
[EventCountry "GER"]
[SourceTitle "EXT 2006"]
[Source "ChessBase"]
[SourceDate "2005.11.24"]
[SourceVersion "1"]
[SourceVersionDate "2005.11.24"]
[SourceQuality "1"]

1. e4 e5 2. Nf3 Nc6 3. d4 exd4 4. Nxd4 d6 5. Nxc6 bxc6 6. Bd3 Nf6 7. 0-0 Be7 8. b3 0-0 9. Bb2 Ng4 10. Nd2 Bf6 11. c3 d5 12. Qc2 g6 13. Rae1 Qd6 14. Nf3 Ne5 15. Nxe5 Bxe5 16. h3 f5 17. exd5 cxd5 18. Qc1 Qf6 19. Re2 Bd7 20. f4 Qb6+ 21. Kh1 Bf6 22. Qd2 Rfe8 23. Rd1 c6 24. c4 Bxb2 25. Qxb2 Be6 26. Qf6 Bf7 27. cxd5 cxd5 28. Rxe8+ Rxe8 29. Qg5 Qa5 30. Bxf5 Qxa2 31. Qg3 Qe2 32. Bg4 Qe3 33. Rd3 Qc1+ 34. Kh2 Re1 35. Qf2 Rf1 36. Qxa7 Qxf4+ 37. Rg3 Qc1 38. Rf3 Rxf3 39. Bxf3 Qf4+ 40. Kh1 Qc1+ 41. Kh2 Qf4+ 42. Kh1 Qb4 43. Qa4 Qe1+ 44. Kh2 Qe5+ 45. Kh1 d4 46. b4 Bc4 47. Qa5 Qxa5 48. bxa5 Ba6 49. Kg1 Kf7 50. Kf2 Ke6 51. Be2 Bb7 52. a6 Bxa6 53. Bxa6 Ke5 54. Bd3 Kf4 55. g3+ Ke5 56. Kf3 Kf6 57. Ke4 h6 58. Kxd4 h5 59. Ke4 Ke6 60. Bc4+ Kf6 61. Kf4 g5+ 62. Ke4 h4 63. g4 Kg7 64. Kf5 1-0

[Event "BL 0304 (Women)"]
[Site "Germany"]
[Date "2004.04.17"]
[Round "10.6"]
[White "Skogvall, Martina"]
[Black "Sandner, Heike"]
[Result "1-0"]
[WhiteElo "1911"]
[BlackElo "1749"]
[PlyCount "77"]
[EventDate "2003.11.29"]
[EventType "team-tourn"]
[EventRounds "11"]
[EventCountry "GER"]
[SourceTitle "EXT 2005"]
[Source "ChessBase"]
[SourceDate "2004.11.15"]
[SourceVersion "1"]
[SourceVersionDate "2004.11.15"]
[SourceQuality "1"]
[WhiteTeam "Grosslehna (W)"]
[BlackTeam "Rodewisch"]
[WhiteTeamCountry "GER"]
[BlackTeamCountry "GER"]

1. e4 e5 2. Nf3 Nc6 3. Bc4 Bc5 4. b4 Bxb4 5. c3 Be7 6. d4 d6 7. Qb3 Nf6 8. Bxf7+ Kf8 9. Ng5 Na5 10. Qa4 h6 11. Ne6+ Bxe6 12. Bxe6 c6 13. Nd2 b5 14. Qd1 Qe8 15. 0-0 Bd8 16. d5 cxd5 17. exd5 Bb6 18. Kh1 Qg6 19. f4 e4 20. f5 Qe8 21. Ba3 Nb7 22. Qe2 e3 23. Nf3 Ne4 24. Ne5 Ke7 25. Qg4 Ng5 26. Bd7 Qg8 27. f6+ gxf6 28. Nc6+ Kf7 29. Be6+ Nxe6 30. Qxe6+ Kg7 31. Qxf6+ Kh7 32. Qe7+ Kg6 33. Rf6+ Kh5 34. Raf1 Re8 35. R1f5+ Kh4 36. Rxh6+ Kg4 37. Rxh8 Rxe7 38. Rxg8+ Kxf5 39. Nxe7+ 1-0